000 00382nam a22001697a 4500
003 MPLRDC
005 20220104124112.0
008 210129b ||||| |||| 00| 0 eng d
082 _a868.71 DY c.2
100 _a丁云
245 _a看山岁月
_c
250 _a初版
260 _a
_bTAN CHUN AN
_c1981
300 _b
650 _a马华文学
942 _cBK
_o868.71 DY c.2
999 _c16654
_d16644